| 000 | 00884cam a22002413a 4500 | ||
|---|---|---|---|
| 001 | 28530 | ||
| 003 | PGUSA | ||
| 005 | 20140828083621.0 | ||
| 008 | 090407s2009||||xxu|||||s|||||000 | eng d | ||
| 040 |
_aPGUSA _beng |
||
| 042 | _adc | ||
| 050 | 4 | _aQL | |
| 100 | 1 |
_aRoberts, Charles G. D., _cSir, _d1860-1943 |
|
| 245 | 1 | 0 |
_aKings in Exile _h[electronic resource] / _cCharles G. D., Roberts |
| 260 |
_bProject Gutenberg, _c2009 |
||
| 505 | 0 | _aLast Bull -- The king of the flaming hoops -- The monarch of Park Barren -- The gray master -- The sun-gazer -- The lord of the glass house -- Back to the water world -- Lone wolf -- The bear's face -- The duel on the trail. | |
| 506 | _aPublic domain in the USA. | ||
| 516 | _aElectronic text | ||
| 653 | _aAnimals -- Anecdotes | ||
| 830 | 0 |
_aProject Gutenberg _v28530 |
|
| 856 | 4 | 0 | _uhttp://www.gutenberg.org/ebooks/28530 |
| 942 | _cEB | ||
| 999 |
_c257785 _d257785 |
||